Ngữ pháp tiếng Việt Đã được hội đồng thẩm định sách của Bộ giáo dục và Đào tạo giới thiệu làm sách dùng chung cho các trường Đại học sư phạm Tập 2
Sparad:
| Huvudupphovsman: | |
|---|---|
| Övriga upphovsmän: | |
| Materialtyp: | Bok |
| Språk: | Vietnamese |
| Publicerad: |
H.
Giáo dục
2006
|
| Upplaga: | Tái bản lần thứ 9 |
| Taggar: |
Lägg till en tagg
Inga taggar, Lägg till första taggen!
|
| Thư viện lưu trữ: | Mạng thư viện Đại học Đà Nẵng |
|---|
| LEADER | 01060nam a2200313 4500 | ||
|---|---|---|---|
| 001 | 000016335 | ||
| 003 | 12737 | ||
| 005 | 20120904090931.0 | ||
| 008 | 120904s2006 viesd | ||
| 020 | |c 16200 | ||
| 041 | 0 | |a vie | |
| 082 | |a 495.9225 |b DI-B | ||
| 100 | 0 | |a Diệp Quang Ban | |
| 245 | 1 | 0 | |a Ngữ pháp tiếng Việt |b Đã được hội đồng thẩm định sách của Bộ giáo dục và Đào tạo giới thiệu làm sách dùng chung cho các trường Đại học sư phạm |c Diệp Quang Ban |n Tập 2 |
| 250 | |a Tái bản lần thứ 9 | ||
| 260 | |a H. |b Giáo dục |c 2006 | ||
| 300 | |a 260 tr. |c 21 cm. | ||
| 500 | |a ĐTTS ghi: Sách đại học Sư phạm | ||
| 700 | |a Diệp Quang Ban |e chủ biên | ||
| 700 | |a Hoàng Văn Thung | ||
| 773 | |d Nxb. Giáo dục |d H. |t Ngữ pháp tiếng Việt |w 12734 | ||
| OWN | |a LSP | ||
| 999 | |a From the UDN01 | ||
| TYP | |a Monograph | ||
| TYP | |a Printed language | ||
| 980 | |a Mạng thư viện Đại học Đà Nẵng | ||